| 000 | 01225nam a2200349 i 4500 | ||
|---|---|---|---|
| 001 | 57351 | ||
| 003 | CO-BoRNBP | ||
| 005 | 20250620150808.0 | ||
| 007 | ta | ||
| 008 | 180815s2014 ck a gr 000 0 spa d | ||
| 020 | _a9789580407478 | ||
| 040 |
_aCO-BoRNBP _bspa _erda _cCO-BoRNBP |
||
| 041 | 0 | _aspa | |
| 043 | _as-ck--- | ||
| 084 | _aN SAN8 | ||
| 100 |
_aSanchez Juliao, David, _d1945- _eautor |
||
| 245 | 1 | 3 |
_aEl país más hermoso del mundo _cDavid Sánchez Juliao ; ilustraciones de Juan Carlos Nicholls |
| 250 |
_aPrimera edición _bImpresion |
||
| 264 | 1 |
_aBogotá _bNorma _c2014 _c2018 |
|
| 300 |
_a146 páginas _bilustraciones en blanco y negro _c20 cm _e1 folleto |
||
| 336 |
_atexto _btxt _2rdacontent |
||
| 337 |
_asin mediación _bn _2rdamedia |
||
| 338 |
_avolumen _bnc _2rdacarrier |
||
| 490 | 0 | _aTorre de papel : roja | |
| 500 | _aEl folleto es un cuaderno de actividades | ||
| 521 | _aRecomendado para un público infantil mayor de 6 años | ||
| 650 | 0 | 0 |
_aMeses del año _vNovela _2LEMB _960391 |
| 650 | 0 | 0 |
_aNovela infantil colombiana _ySiglo XX _2LEMB _9365 |
| 650 | 0 | 7 |
_aLiteratura infantil colombiana _ySiglo XX _2LEMB _9364 |
| 700 | 1 |
_aNicholls, Juan Carlosm _eilustrador _960392 |
|
| 942 |
_2loc _cBKLIT |
||
| 999 |
_c57351 _d57351 |
||